| 000 | 00695nam a22001217a 4500 | ||
|---|---|---|---|
| 040 | _cRUA | ||
| 100 | _aCHHORN, NEM. | ||
| 245 | _aeffect of pyrantel on gastrointestinal parasite in canine in chbamon district kampongspeu province (សិក្សាពីប្រសិទ្ធភាព pyrantel ទៅលើវត្តមានបរាសិតនៅក្នុងក្រពះ ពោះវៀនរបស់សុនខ នៅក្រុងច្បាមន ខេត្តកំពង់ស្ពឺ) | ||
| 260 |
_aPhnom Penh _bRUA _c2012 |
||
| 300 |
_axi, 43p. _bill. _c29cm. |
||
| 856 | _uhttps://drive.google.com/file/d/1jep9W9OANnhhW4k9atUdl_0U7RZr-rnk/view?usp=sharing | ||
| 942 | _cAVM | ||
| 999 |
_c2719 _d2719 |
||